Easiest Math Quiz you'll ever do - Statistics

General Stats
  • This quiz has been taken 293 times
  • The average score is 14 of 15
Answer Stats
Hint Answer % Correct
1+1 2
100%
2+2 4
100%
5+5 10
99%
6+6 12
99%
7+7 14
99%
8+8 16
99%
3+3 6
99%
4+4 8
99%
10+10 20
94%
11-11 0
93%
12+12 24
93%
13+13 26
93%
14+14 28
93%
9*9 81
87%
15*15 225
75%
No matching quizzes found
Score Distribution
Percent of People with Each Score
Percentile by Number Answered
Your Score History
You have not taken this quiz